000 00389 a2200169 4500
999 _c235010
_d235010
003 Nust
005 20170405105306.0
008 170404b xxu||||| |||| 00| 0 eng d
040 _cASAB
082 _a174.9097
245 _aSahafati ikhlaqiat
_c Dr Ahsan Akhtar Naz
260 _aLahore
_bAzeem Academy
300 _a226:p
538 _aAlmirah No.66, Shelf No.1
650 _aJournalism
942 _2ddc
_cBK